Statistics for Milan Kundera Bibliography

Click here to take the quiz!

General Stats

  • This quiz has been taken 8 times
  • The average score is 10 of 38

Answer Stats

TypeYearName% Correct
Novel1984The Unbearable Lightness of Being
100%
Novel1967The Joke
86%
Novel1990Immortality
57%
Novel1978The Book of Laughter and Forgetting
57%
Novel1998Identity
43%
Short Story Collection1969Laughable Loves
43%
Novel2014The Festival of Insignificance
43%
Novel2000Ignorance
29%
Play1981Jacques and His Master
29%
Novel1969Life Is Elsewhere
29%
Novel1995Slowness
29%
Essay1993Testaments Betrayed: An Essay in Nine Parts
29%
Essay2005The Curtain
29%
Novel1972The Farewell Waltz
29%
Essay1955About the Disputes of Inheritance
14%
Essay2009An Encounter
14%
Essay1993D'en bas tu Humeras les Roses
14%
Article2007Die Weltliteratur
14%
Short Story1969Dr. Havel After Twenty Years
14%
Short Story1969Eduard and God
14%
Short Story1969Let the Old Dead Make Room for the Young Dead
14%
Poetry Collection1953Man: A Wide Garden
14%
Poetry Collection1957Monologues
14%
Short Story1969Nobody Will Laugh
14%
Essay1969Radicalism and Exhibitionism
14%
Short Story1969Symposium
14%
Short Story2015The Apologizer
14%
Essay1986The Art of the Novel
14%
Essay1960The Art of the Novel: Vladislav Vančura's Path to the Great Epic
14%
Play1969The Blunder
14%
Essay1968The Czech Deal
14%
Short Story1969The Golden Apple of Eternal Desire
14%
Short Story1969The Hitchhiking Game
14%
Poetry Collection1955The Last May
14%
Play1962The Owner of the Keys
14%
Essay1983The Stolen West or The Tragedy of Central Europe
14%
Play1968Two Ears, Two Weddings
14%
Article2006What Is a Novelist
14%

Score Distribution

Percentile by Number Answered

Percent of People with Each Score

Your Score History

You have not taken this quiz